NIGERIA in the twentieth century: history, governance and society/

Saved in:
Bibliographic Details
Format: Book
Language:English
Published: Connel Publishers, 2017
Tags: Add Tag
No Tags, Be the first to tag this record!

MARC

LEADER 00000nam a22000007a 4500
008 210819b ||||| |||| 00| 0 eng d
020 |a ISBN: 978-978-955-190-3 
245 |a NIGERIA in the twentieth century:   |b  history, governance and society/   |c  Olutayo C. Adesina  |g xv, 285p., ill. 
260 |b  Connel Publishers,  |c 2017  |h  Ibadan  |i 691606 – Arts  |i 691607  |l JQ3086 .N56  |m 1. Federal government – Nigeria.  |m 2. Nigeria – Politics and government – 1960-Congresses.  |m I. Adesina, Olutayo C. 
500 |a “It includes index and references” 
942 |a lcc  |c BK  |e j. o. ifatola  |f 19/ 08/ 2021 
952 |0 0  |1 0  |2 lcc  |4 0  |6 JQ3086 N56  |7 0  |9 3204  |a ART  |b HOL  |c GJ  |d 2021-08-19  |l 0  |o JQ3086 .N56  |p 2021-66902  |r 2021-08-19 00:00:00  |w 2021-08-19  |y BK 
952 |0 0  |1 0  |2 lcc  |4 0  |6 JQ3086 N56  |7 0  |9 3205  |a ART  |b HOL  |c GJ  |d 2021-08-19  |l 0  |o JQ3086 .N56  |p 2021-66903  |r 2021-08-19 00:00:00  |w 2021-08-19  |y BK 
999 |c 1610  |d 1610